[Event "East Lansing (MI Op/6/9)"]
[Site "?"]
[Date "1993.??.??"]
[Round "?"]
[White "Bailey, Greg"]
[Black "Linn, Peter"]
[Result "0-1"]
[WhiteElo "2000"]
[BlackElo "2100"]
[PlyCount "73"]
[EventDate "1993.??.??"]

{6/(9)} 1. d4 e6 2. c4 f5 3. g3 Nf6 4. Bg2 Be7 5. Nc3 d6 6. Nf3 O-O 7. O-O a5
8. Qd3 Nc6 9. b3 Qe8 10. Nb5 Bd8 11. Bb2 e5 12. dxe5 dxe5 13. Qc3 Ne4 14. Qe3
Nb4 15. Ne1 c6 16. Bxe4 fxe4 17. Nd6 Qg6 18. Nxc8 Rxc8 19. Bxe5 Bg5 20. Qc3 Rf5
21. f4 exf3 22. Nxf3 Re8 23. a3 Nc2 24. Ra2 Ne3 25. Re1 Qh5 26. Kh1 Rxf3 27.
exf3 Qxf3+ 28. Kg1 Rf8 29. Qa1 c5 30. Bd6 Bf6 31. Bxf8 Bxa1 32. Bxc5 Bf6 33.
Rxe3 Qf5 34. Rf2 Qxc5 35. Kg2 h6 36. Re8+ Kf7 37. Ree2 $138 0-1

[Event "Gaylord (NMO/2/3)"]
[Site "?"]
[Date "1993.??.??"]
[Round "?"]
[White "Bailey, Greg"]
[Black "Johnston, R."]
[Result "0-1"]
[WhiteElo "2060"]
[BlackElo "1745"]
[PlyCount "118"]
[EventDate "1993.??.??"]

{2/(3)} 1. Nf3 Nf6 2. c4 g6 3. Nc3 Bg7 4. e4 d6 5. d4 O-O 6. Be2 e5 7. d5 Nbd7
8. O-O Nc5 9. Nd2 a5 10. b3 Ne8 11. Bb2 f5 12. a3 Nd7 13. b4 Ndf6 14. c5 Kh8
15. Qb3 f4 16. Nc4 g5 17. Nxa5 g4 18. cxd6 cxd6 19. f3 g3 20. hxg3 fxg3 21. f4
Ng4 22. Bxg4 Bxg4 23. Ne2 Bxe2 24. Qxg3 Bxf1 25. Rxf1 Qb6+ 26. Kh1 Rxa5 27.
bxa5 Qxb2 28. f5 Rf6 29. Qf3 Rh6+ 30. Kg1 Qd4+ 31. Rf2 Nf6 32. a6 bxa6 33. Qb3
Bf8 34. Qb8 Kg8 35. Qb2 Qxb2 36. Rxb2 Nxe4 37. g4 Rh3 38. Rb4 Nc5 39. a4 Kf7
40. a5 Kf6 41. Kg2 Rd3 42. Rb8 Bg7 43. Rg8 Kf7 44. Rc8 h6 45. Rc7+ Kf6 46. Kf2
Rxd5 47. Ke3 Rd3+ 48. Ke2 e4 49. Kf2 Bf8 50. Rc8 Be7 51. Rg8 d5 52. Rg6+ Ke5
53. Rxh6 Bg5 54. Rg6 e3+ 55. Kf3 Ne4 56. Rxa6 Rd2 57. Re6+ Kd4 58. Rxe4+ dxe4+
59. Kg3 e2 0-1

[Event "Gaylord (NMO/4/5)"]
[Site "?"]
[Date "1993.??.??"]
[Round "?"]
[White "Bailey, Greg"]
[Black "Golingai, P."]
[Result "1-0"]
[WhiteElo "2060"]
[BlackElo "1715"]
[PlyCount "46"]
[EventDate "1993.??.??"]

{4/(5)} 1. d4 Nf6 2. c4 g6 3. Nc3 Bg7 4. e4 d6 5. Be2 O-O 6. Bg5 c5 7. d5 Qa5
8. Qd2 Bd7 9. f4 b5 10. cxb5 a6 11. bxa6 Nxa6 12. Nf3 Bg4 13. O-O Nd7 14. Bxe7
Rfe8 15. Bxd6 Bxf3 16. Bxf3 Bd4+ 17. Kh1 Qb6 18. e5 Nb4 19. a3 Na6 20. Rab1 f6
21. Bg4 Nxe5 22. fxe5 fxe5 23. Ne4 Rad8 1-0

[Event "East Lansing (MI Op/4/6)"]
[Site "?"]
[Date "1993.??.??"]
[Round "?"]
[White "Bailey, Greg"]
[Black "Finegold, Ron"]
[Result "1-0"]
[WhiteElo "2000"]
[BlackElo "2190"]
[PlyCount "63"]
[EventDate "1993.??.??"]

{4/(6)} 1. d4 d5 2. c4 e6 3. cxd5 exd5 4. Nc3 c6 5. Nf3 Bf5 6. Bg5 f6 7. Bf4
Bd6 8. Qd2 Na6 9. Bxd6 Qxd6 10. e3 Nc7 11. Bd3 Bxd3 12. Qxd3 Ne7 13. O-O O-O
14. b4 b5 15. Rfb1 a5 16. bxa5 Rxa5 17. Ne1 b4 18. Ne2 Rfa8 19. Qd2 Rb5 20. Nc2
Ra4 21. Nc1 c5 22. dxc5 Qxc5 23. Rb3 Nc6 24. Nd3 Qb6 25. Nb2 Ra8 26. Nd3 Na6
27. Rab1 Nc5 28. Nxc5 Qxc5 29. Nxb4 Nxb4 30. a3 Qc4 31. Rxb4 Rba5 32. Rxc4 1-0

[Event "Flint (Class DE/1)"]
[Site "?"]
[Date "1993.??.??"]
[Round "?"]
[White "Aydar, S."]
[Black "Uptegraff, D."]
[Result "0-1"]
[WhiteElo "1605"]
[BlackElo "1605"]
[PlyCount "58"]
[EventDate "1993.??.??"]

1. e4 g6 2. Nc3 Bg7 3. Nf3 e5 4. Bc4 d6 5. O-O Nf6 6. d3 O-O 7. h3 a6 8. Be3 b5
9. Bb3 c5 10. a4 b4 11. Nd5 Nbd7 12. Nd2 Bb7 13. Nc4 Nxd5 14. Nxd6 Nxe3 15.
fxe3 Nf6 16. Nxb7 Qc7 17. Nxc5 Qxc5 18. Qe2 a5 19. Rac1 Nh5 20. c3 Ng3 21. Qe1
Nxf1 22. Kxf1 bxc3 23. Rxc3 Qe7 24. Kg1 Rab8 25. Qd2 Rb4 26. Qc2 Qb7 27. Rc8
Rxc8 28. Bd5 Rxc2 29. Bxb7 Rxb7 0-1

[Event "Flint (Class DE/3)"]
[Site "?"]
[Date "1993.??.??"]
[Round "?"]
[White "Aydar, N."]
[Black "Kinney, J."]
[Result "1-0"]
[WhiteElo "1605"]
[BlackElo "1605"]
[PlyCount "115"]
[EventDate "1993.??.??"]

1. e4 d5 2. e5 Nc6 3. Nf3 Bg4 4. h3 Bxf3 5. Qxf3 e6 6. Bb5 Nge7 7. O-O g6 8.
Qf6 Bg7 9. Qxg7 Rf8 10. Qxh7 a6 11. Ba4 b5 12. Bb3 Nxe5 13. d4 N5c6 14. c3 Nf5
15. Bc2 Qf6 16. Bxf5 Rh8 17. Bg5 Rxh7 18. Bxf6 gxf5 19. Nd2 Rh6 20. Bg5 Rg6 21.
Nf3 f6 22. Bf4 Kd7 23. Nh4 Rg7 24. Rfe1 Re8 25. Nf3 Rge7 26. Re2 e5 27. dxe5
fxe5 28. Bg5 Re6 29. Nd2 e4 30. Nb3 Rg6 31. h4 Ne5 32. Nc5+ Kd6 33. Nxa6 c5 34.
Be3 Nd7 35. Rd2 Kc6 36. Rad1 Rd6 37. Bf4 Ne5 38. Be3 Nd3 39. Rxd3 exd3 40. Bxc5
Rh6 41. g3 Re2 42. Be3 Rh5 43. Nb4+ Kd6 44. Nxd3 Rh7 45. Bf4+ Kd7 46. Nc5+ Kc6
47. Nd3 Kd7 48. a3 Rh8 49. Nb4 Rxb2 50. Rxd5+ Ke6 51. Rxb5 Rc8 52. Rb6+ Kd7 53.
Rd6+ Ke8 54. Be5 Ra8 55. Re6+ Kd7 56. Rd6+ Ke7 57. Nd5+ Ke8 58. Nc7+ 1-0

[Event "Flint (Class DE/2)"]
[Site "?"]
[Date "1993.??.??"]
[Round "?"]
[White "Aydar, A."]
[Black "Vangilder, W."]
[Result "0-1"]
[WhiteElo "1605"]
[BlackElo "1605"]
[PlyCount "108"]
[EventDate "1993.??.??"]

1. d4 Nf6 2. c4 e6 3. Nc3 d5 4. Bg5 Be7 5. Nf3 O-O 6. e3 Nbd7 7. Bd3 dxc4 8.
Bxc4 a6 9. Qc2 Re8 10. Rd1 b5 11. Bd3 Bb7 12. Be2 Rc8 13. O-O Nd5 14. Bxe7 Qxe7
15. a3 c5 16. Nxb5 axb5 17. Bxb5 cxd4 18. Qa4 dxe3 19. Rfe1 exf2+ 20. Kxf2 N7b6
21. Qg4 Rc2+ 22. Re2 Rxe2+ 23. Kxe2 Rc8 24. Ne1 Nf6 25. Qd4 Nbd5 26. g3 Ne4 27.
Rd3 Nd6 28. Ba4 Ba6 29. Bc2 Bxd3+ 30. Bxd3 h6 31. b4 Ra8 32. Nc2 Rc8 33. a4
Nc3+ 34. Ke1 Nxa4 35. b5 Nc3 36. b6 Nd5 37. Nb4 Nxb4 38. Qxb4 Rc1+ 39. Ke2 Rc8
40. b7 Rb8 41. Ba6 Qc7 42. Qd4 Qc2+ 43. Kf3 Qc6+ 44. Kg4 Qxa6 45. Qc5 h5+ 46.
Kh4 Rxb7 47. Qf2 Rb4+ 48. Kh3 Qc4 49. Qd2 Qg4+ 50. Kg2 Qe4+ 51. Kh3 Qg4+ 52.
Kg2 Nf5 53. Qd8+ Kh7 54. Qd2 Nh4+ 0-1

[Event "Troy (TCC/C/3/2)"]
[Site "?"]
[Date "1993.??.??"]
[Round "?"]
[White "Aydar, A."]
[Black "Stemmler, Daniel"]
[Result "1-0"]
[WhiteElo "1605"]
[BlackElo "1605"]
[PlyCount "89"]
[EventDate "1993.??.??"]

{3/(2)} 1. d4 d5 2. c4 c6 3. cxd5 cxd5 4. Nc3 Nf6 5. Nf3 Nc6 6. Bf4 a6 7. h3 e6
8. e3 Bb4 9. Bd3 O-O 10. O-O Bd6 11. Bxd6 Qxd6 12. Rc1 Bd7 13. a3 Rac8 14. Na4
Rfe8 15. Nb6 Rb8 16. Rc3 Nxd4 17. Bxh7+ Nxh7 18. Qxd4 Bb5 19. Rfc1 Nf6 20. Nc4
Bxc4 21. Rxc4 Ne4 22. Rc7 Re7 23. Qa7 Rd8 24. Qxb7 Rde8 25. R1c6 Nc5 26. Rxc5
Qxc5 27. Rxe7 Rxe7 28. Qb8+ Kh7 29. Ng5+ Kg6 30. Qg8 Kf6 31. Nh7+ Ke5 32. Qxg7+
Kd6 33. Ng5 f5 34. Qf6 Kd7 35. g3 d4 36. exd4 Qc1+ 37. Kg2 Qxb2 38. h4 Qb7+ 39.
Kg1 a5 40. h5 Qb1+ 41. Kg2 a4 42. Nf7 Qe4+ 43. Kg1 f4 44. Ne5+ Ke8 45. Qh8# 1-0

[Event "Troy (TCC/C/5/1)"]
[Site "?"]
[Date "1993.??.??"]
[Round "?"]
[White "Aydar, A."]
[Black "Cunningham, J."]
[Result "1-0"]
[WhiteElo "1605"]
[BlackElo "1605"]
[PlyCount "157"]
[EventDate "1993.??.??"]

{5/(1)} 1. d4 d5 2. c4 e6 3. Nc3 Nf6 4. Bg5 Be7 5. e3 c6 6. Nf3 Nbd7 7. Rc1 O-O
8. Bd3 dxc4 9. Bxc4 b5 10. Bd3 a6 11. O-O Bb7 12. a3 c5 13. Qe2 h6 14. Bh4 Rc8
15. Rfd1 Bxf3 16. Qxf3 cxd4 17. exd4 Re8 18. Bg3 Nb8 19. h3 Bd6 20. Be5 Qe7 21.
Qg3 Bxe5 22. dxe5 Nh5 23. Qg4 Qg5 24. Qxg5 hxg5 25. Ne4 Rxc1 26. Rxc1 Nf4 27.
Bf1 Nd7 28. Rc7 Nxe5 29. Nxg5 f6 30. Ne4 Nd5 31. Ra7 b4 32. Rxa6 bxa3 33. bxa3
Nc7 34. Ra7 Nd5 35. a4 Rb8 36. Bb5 f5 37. Nc5 Nf4 38. Nd7 Nxd7 39. Bxd7 Rb1+
40. Kh2 Rb2 41. Bb5 Kh7 42. Kg1 Rb1+ 43. Kh2 Rb2 44. g4 fxg4 45. hxg4 Rb3 46.
Bd7 e5 47. a5 Rf3 48. Kg1 Kh6 49. Bc8 g6 50. Bb7 Rb3 51. Bg2 Nxg2 52. Kxg2 e4
53. a6 Ra3 54. Ra8 Kg5 55. a7 Kxg4 56. Kf1 g5 57. Ke2 Ra2+ 58. Ke3 Ra4 59. Kd2
Ra2+ 60. Kc3 Rxf2 61. Re8 Ra2 62. a8=Q Rxa8 63. Rxa8 Kf3 64. Re8 Ke3 65. Re5 g4
66. Rg5 Kf4 67. Rg8 g3 68. Kd2 Kf3 69. Rf8+ Kg2 70. Ke2 Kh2 71. Rh8+ Kg1 72.
Ke3 g2 73. Kxe4 Kf1 74. Rf8+ Kg1 75. Ke3 Kh2 76. Rh8+ Kg3 77. Rg8+ Kh2 78. Kf2
Kh3 79. Rxg2 1-0

[Event "Flint (Class DE/4)"]
[Site "?"]
[Date "1993.??.??"]
[Round "?"]
[White "Aydar, A."]
[Black "Barker, Scott"]
[Result "1-0"]
[WhiteElo "1605"]
[BlackElo "1605"]
[PlyCount "43"]
[EventDate "1993.??.??"]

1. d4 d5 2. c4 Nf6 3. cxd5 Qxd5 4. Nc3 Qc6 5. e3 a6 6. Nf3 Bg4 7. Be2 e6 8. O-O
Bd6 9. Bd2 O-O 10. Rc1 Rc8 11. Nb5 Qd5 12. Nxd6 Qxd6 13. Qb3 Qd5 14. Bc4 Qc6
15. Bd3 Qd5 16. Bc4 Qc6 17. Ne5 Qb6 18. Nxg4 Nxg4 19. Qxb6 cxb6 20. Be2 Rxc1
21. Rxc1 Nxh2 22. Rc8# 1-0

[Event "Troy (TCC/C/1b/3)"]
[Site "?"]
[Date "1993.??.??"]
[Round "?"]
[White "Aydar, A."]
[Black "Attaya, Jim"]
[Result "1-0"]
[WhiteElo "1605"]
[BlackElo "1605"]
[PlyCount "120"]
[EventDate "1993.??.??"]

1. d4 Nf6 2. c4 c5 3. Nf3 g6 4. Nc3 cxd4 5. Nxd4 Bg7 6. e4 d6 7. Be2 O-O 8. O-O
Bd7 9. Be3 Na6 10. Rc1 Nc5 11. f3 a5 12. a3 a4 13. Nc2 Nb3 14. Rb1 Ne8 15. Bd4
Qc8 16. Bxg7 Kxg7 17. Nb4 Nc7 18. Nbd5 Na6 19. Nxe7 Qc5+ 20. Kh1 Rae8 21. Ncd5
Be6 22. Qc2 Nb8 23. Rbd1 Nc6 24. Nxc6 bxc6 25. Qc3+ f6 26. Nc7 Re7 27. Nxe6+
Rxe6 28. Rd3 Re5 29. Rfd1 Qf2 30. Bf1 Rd8 31. Re3 c5 32. Re2 Qh4 33. Qe3 Nd4
34. Red2 Nf5 35. Qf2 Qh6 36. exf5 Rxf5 37. Rxd6 Rxd6 38. Rxd6 Qf4 39. Rd7+ Kh6
40. Qd2 g5 41. Qxf4 Rxf4 42. Rd5 g4 43. Rxc5 gxf3 44. gxf3 Rxf3 45. Kg2 Rb3 46.
Rf5 Rxb2+ 47. Rf2 Rb1 48. Rxf6+ Kg7 49. Ra6 Rc1 50. Rxa4 Rc3 51. Ra7+ Kh6 52.
a4 Kg6 53. a5 h5 54. a6 Kg5 55. Rg7+ Kf4 56. a7 Rc2+ 57. Kg1 Ra2 58. c5 Ke5 59.
Rd7 Ra5 60. c6 Ke6 1-0

[Event "Flint (MEX/2)"]
[Site "?"]
[Date "1993.??.??"]
[Round "?"]
[White "Avery, Robert W"]
[Black "Pence, Mark"]
[Result "0-1"]
[WhiteElo "2200"]
[BlackElo "2080"]
[PlyCount "66"]
[EventDate "1993.??.??"]

1. c4 c5 2. Nf3 g6 3. Nc3 Bg7 4. d4 cxd4 5. Nxd4 Nc6 6. Nc2 Nf6 7. e4 O-O 8.
Be2 d6 9. O-O a6 10. Bg5 e6 11. Qd2 Qc7 12. Rad1 Rd8 13. Qf4 Qe7 14. c5 e5 15.
Qh4 Be6 16. cxd6 Rxd6 17. Rxd6 Qxd6 18. Bxf6 Bxf6 19. Qxf6 Qd2 20. Bd1 Bc4 21.
Qf3 Bxf1 22. Kxf1 Qc1 23. Qe3 Qxb2 24. Qc5 Rd8 25. Qa3 Rxd1+ 26. Nxd1 Qxc2 27.
Nc3 Qd3+ 28. Kg1 Nd4 29. Qe7 Ne2+ 30. Kh1 Qxc3 31. h4 Qc1+ 32. Kh2 Qg1+ 33. Kh3
Qh1+ 0-1

[Event "Flint (Beg/2)"]
[Site "?"]
[Date "1993.??.??"]
[Round "?"]
[White "Autry, R."]
[Black "Young, O."]
[Result "0-1"]
[WhiteElo "1605"]
[BlackElo "1605"]
[PlyCount "58"]
[EventDate "1993.??.??"]

1. e4 e5 2. Bc4 Qh4 3. Nf3 Qd8 4. Nxe5 Bd6 5. Qh5 g6 6. Bxf7+ Kf8 7. Nxg6+ hxg6
8. Qxg6 Qf6 9. Qg4 Qxf7 10. d4 Nf6 11. Qf3 Nc6 12. c3 Be7 13. Bf4 d5 14. e5 Nh5
15. g3 Bb4 16. cxb4 Nxd4 17. Qd3 Nc6 18. b5 Nb4 19. Qc3 a5 20. O-O Nxf4 21. e6
Qg7 22. e7+ Kf7 23. Qxc7 Ne2+ 24. Kh1 Re8 25. Nd2 Rxe7 26. Qb6 Bg4 27. Qc5 Qxb2
28. Rad1 Qxd2 29. Rxd2 Bf3# 0-1

[Event "Flint (Beg/5)"]
[Site "?"]
[Date "1993.??.??"]
[Round "?"]
[White "Autry, R."]
[Black "McCormick, K."]
[Result "0-1"]
[WhiteElo "1605"]
[BlackElo "1605"]
[PlyCount "80"]
[EventDate "1993.??.??"]

1. e4 e5 2. Nf3 d6 3. Bc4 Nf6 4. d3 Be7 5. Nc3 c6 6. O-O a5 7. a4 O-O 8. Re1
Bg4 9. Be3 d5 10. exd5 cxd5 11. Bb6 Qxb6 12. Bb3 Nc6 13. h3 Bxf3 14. Qxf3 Nd4
15. Qe3 Bc5 16. Ba2 Nxc2 17. Qe2 Nxa1 18. Rxa1 Bd4 19. Nb5 Rad8 20. g4 Ne8 21.
Qf3 Nc7 22. Rc1 Nxb5 23. axb5 Qxb5 24. Rc7 Qxb2 25. Bxd5 Rxd5 26. Kh2 Qxf2+ 27.
Qxf2 Bxf2 28. Kg2 Bh4 29. Rc3 Rfd8 30. Rb3 Rxd3 31. Rxb7 Rg3+ 32. Kf1 Rxh3 33.
Kg2 Rg3+ 34. Kf1 Rxg4 35. Rb5 Ra8 36. Rxe5 a4 37. Ke2 a3 38. Kf3 Rc4 39. Re4
Rxe4 40. Kxe4 a2 0-1

[Event "Flint (Beg/3)"]
[Site "?"]
[Date "1993.??.??"]
[Round "?"]
[White "Autry, R."]
[Black "Fulmore, T."]
[Result "1-0"]
[WhiteElo "1605"]
[BlackElo "1605"]
[PlyCount "49"]
[EventDate "1993.??.??"]

1. e4 Nf6 2. Nc3 e5 3. Bc4 Be7 4. Nf3 d6 5. d3 Bg4 6. h3 Bxf3 7. Qxf3 Nc6 8.
Be3 Nb4 9. Rc1 O-O 10. Qg3 d5 11. Bh6 Nh5 12. Qxe5 Bh4 13. g3 Re8 14. Qxh5 gxh6
15. Nxd5 Nc6 16. gxh4 Re5 17. Rg1+ Kf8 18. Qxh6+ Ke8 19. Rg8+ Kd7 20. Rxd8+
Rxd8 21. Kd2 Nd4 22. Qf4 Rh5 23. Qxf7+ Kd6 24. Qe7+ Kc6 25. Qxc7# 1-0

[Event "Troy (TCC/C/5/6)"]
[Site "?"]
[Date "1993.??.??"]
[Round "?"]
[White "Attaya, Jim"]
[Black "McFolley, John"]
[Result "1-0"]
[WhiteElo "1605"]
[BlackElo "1605"]
[PlyCount "120"]
[EventDate "1993.??.??"]

{5/(6)} 1. e4 e5 2. f4 exf4 3. Nf3 d5 4. exd5 Qxd5 5. d4 Bg4 6. c3 Bd6 7. Na3
Nf6 8. Bd3 O-O 9. O-O Re8 10. Nc4 h5 11. Nxd6 Qxd6 12. Qc2 Bxf3 13. Rxf3 Re1+
14. Rf1 Rxf1+ 15. Bxf1 c5 16. Qf2 cxd4 17. Bxf4 Qb6 18. cxd4 Ne4 19. Qe2 Qxd4+
20. Be3 Qf6 21. Qxh5 Qxb2 22. Rc1 Nc6 23. Bc4 Ne5 24. Bb3 g6 25. Qh4 Nd6 26.
Rd1 Nf5 27. Bd4 Qxg2+ 28. Kxg2 Nxh4+ 29. Kg3 Nf5+ 30. Kf4 Nxd4 31. Rxd4 Re8 32.
Rd5 Nc6 33. Rd6 Kg7 34. Ba4 Rd8 35. Rxd8 Nxd8 36. h4 Ne6+ 37. Ke5 a6 38. Bd1
Nf8 39. Bc2 f6+ 40. Kd6 b5 41. Kc6 Ne6 42. Bd1 Nd4+ 43. Kb6 Nf5 44. Kxa6 Nxh4
45. Kxb5 Nf5 46. a4 Kf7 47. a5 Ke7 48. Kb6 Nd6 49. a6 Kd8 50. Bb3 Nc8+ 51. Kb7
Nd6+ 52. Kb8 Nb5 53. Bf7 g5 54. Be6 Nc7 55. a7 Nxe6 56. a8=Q Ke7 57. Qe4 Kd6
58. Qf5 Ke7 59. Kc8 Nd4 60. Qd7+ Kf8 1-0

[Event "Flint (Class C/2)"]
[Site "?"]
[Date "1993.??.??"]
[Round "?"]
[White "Attaya, Jim"]
[Black "Mannor, Eric"]
[Result "1/2-1/2"]
[WhiteElo "1605"]
[BlackElo "1605"]
[PlyCount "98"]
[EventDate "1993.??.??"]

1. d4 d5 2. e3 Nf6 3. Bd3 Nc6 4. c3 a6 5. Nd2 e5 6. dxe5 Nxe5 7. Bc2 Bg4 8.
Ngf3 Bd6 9. O-O O-O 10. Qe1 Nxf3+ 11. gxf3 Bh3 12. Kh1 Bxf1 13. Nxf1 Nh5 14. f4
Qh4 15. Bd1 Rfe8 16. Bxh5 Qxh5 17. Ng3 Qg6 18. Qd1 c6 19. Bd2 Be7 20. f5 Qd6
21. Qg4 Bf6 22. Rg1 c5 23. h4 d4 24. e4 Kf8 25. f3 Rad8 26. c4 b5 27. cxb5 axb5
28. a3 b4 29. Nh5 g6 30. fxg6 fxg6 31. Nf4 Bg7 32. axb4 cxb4 33. Nd5 Kg8 34.
Bxb4 Qe6 35. Qg2 Rxd5 36. exd5 Qxd5 37. Bd2 d3 38. Re1 Rxe1+ 39. Bxe1 d2 40.
Bxd2 Bxb2 41. Bg5 Be5 42. f4 Qxg2+ 43. Kxg2 Bd6 44. Kf3 Kg7 45. Kg4 h6 46. Bd8
Kf7 47. f5 gxf5+ 48. Kxf5 Kg7 49. Bf6+ Kh7 1/2-1/2

[Event "Troy (TCC/C/2/10)"]
[Site "?"]
[Date "1993.??.??"]
[Round "?"]
[White "Attaya, Jim"]
[Black "Etienne, T."]
[Result "1-0"]
[WhiteElo "1605"]
[BlackElo "1605"]
[PlyCount "120"]
[EventDate "1993.??.??"]

{2/(10)} 1. e4 c6 2. d4 d5 3. e5 Bf5 4. Bd3 Bxd3 5. Qxd3 e6 6. Nf3 c5 7. Qb5+
Qd7 8. Qxd7+ Nxd7 9. c3 Ne7 10. O-O Nf5 11. Rd1 Be7 12. Na3 Rc8 13. g4 Nh6 14.
g5 Nf5 15. Nc2 cxd4 16. Ncxd4 g6 17. Nxf5 gxf5 18. Rd4 Nc5 19. Rh4 Ne4 20. Rh6
Kd7 21. Be3 Rcg8 22. Rh5 h6 23. Kf1 hxg5 24. Rxh8 Rxh8 25. Bxa7 g4 26. Nd4 Rxh2
27. Nc2 Rh1+ 28. Kg2 Rxa1 29. Nxa1 Kc6 30. Nb3 b6 31. Nd4+ Kb7 32. Nb5 Nc5 33.
f3 gxf3+ 34. Kxf3 Ka6 35. Nd4 Bf8 36. Bb8 Kb7 37. Bd6 Bxd6 38. exd6 Ne4 39. Kf4
Nxd6 40. Ke5 Ne4 41. Nb5 Kc6 42. Nd4+ Kd7 43. Kf4 f6 44. Nf3 Kd6 45. Ke3 Ng5
46. Nd4 Ke5 47. Nc6+ Kd6 48. Nd4 Nh3 49. b4 f4+ 50. Kf3 e5 51. Nf5+ Ke6 52. Nh4
Ng5+ 53. Kg4 f3 54. Nxf3 Nxf3 55. Kxf3 Kf5 56. b5 e4+ 57. Ke3 Kg4 58. a4 f5 59.
a5 f4+ 60. Kd4 f3 1-0

[Event "Flint (Class C/4)"]
[Site "?"]
[Date "1993.??.??"]
[Round "?"]
[White "Attaya, Jim"]
[Black "Bloch, Hermann"]
[Result "1-0"]
[WhiteElo "1605"]
[BlackElo "1605"]
[PlyCount "81"]
[EventDate "1993.??.??"]

1. e4 c5 2. Nc3 a6 3. Nge2 g6 4. g3 Bg7 5. Bg2 d6 6. O-O Nf6 7. h3 Nc6 8. d3
O-O 9. Rb1 Rb8 10. Bd2 Be6 11. a3 b5 12. Nf4 Bd7 13. Re1 Qc8 14. Kh2 e5 15.
Nfd5 Re8 16. Nxf6+ Bxf6 17. Nd5 Bg7 18. Bg5 Re6 19. Qd2 f6 20. Be3 Ne7 21. Bh6
Nxd5 22. exd5 Re7 23. Bxg7 Rxg7 24. f4 b4 25. c4 bxa3 26. bxa3 Rxb1 27. Rxb1 h5
28. Rb6 Bf5 29. Rxd6 Rf7 30. Qa5 Kg7 31. fxe5 Bxd3 32. exf6+ Rxf6 33. Rxf6 Kxf6
34. Qc3+ Kg5 35. Qxd3 Qf8 36. Qe3+ Kf6 37. Qe6+ Kg5 38. h4+ Kh6 39. Qxa6 Qf2
40. d6 Qf6 41. Qc6 1-0

[Event "Flint (Class C/4)"]
[Site "?"]
[Date "1993.??.??"]
[Round "?"]
[White "Asbury, Victor"]
[Black "Cooper, Willie"]
[Result "0-1"]
[WhiteElo "1605"]
[BlackElo "1605"]
[PlyCount "142"]
[EventDate "1993.??.??"]

1. c4 d5 2. cxd5 Qxd5 3. Nc3 Qd8 4. g3 Nf6 5. Bg2 c6 6. Nf3 Bf5 7. O-O h6 8.
Qb3 Qc7 9. d3 e6 10. Bf4 Qc8 11. Nd4 Bh7 12. Bh3 Nd5 13. Nxd5 cxd5 14. Rac1 Bc5
15. Qa4+ Qd7 16. Qc2 Bxd4 17. Qc8+ Qd8 18. Qxd8+ Kxd8 19. Rc7 g5 20. Bd6 Nd7
21. Rfc1 b6 22. Rb7 Bc5 23. Bxc5 bxc5 24. b4 Kc8 25. Rb5 a6 26. Ra5 Kb7 27.
bxc5 Rhc8 28. Rb1+ Kc6 29. Rc1 Rcb8 30. d4 Rb1 31. Rxb1 Bxb1 32. Bg2 f5 33. Bf1
e5 34. e3 exd4 35. exd4 Kb7 36. Ra3 Kc7 37. Ra5 Nb8 38. a3 Nc6 39. Rxa6 Rxa6
40. Bxa6 Nxd4 41. h4 Kc6 42. Bc8 Kxc5 43. hxg5 hxg5 44. Kf1 Be4 45. f4 g4 46.
Kf2 Nb3 47. Ke1 d4 48. Be6 Bc2 49. Kf2 Nd2 50. a4 Bxa4 51. Bxf5 Bc6 52. Bxg4
Ne4+ 53. Ke1 Nxg3 54. Kd2 Ne4+ 55. Ke1 Nf6 56. Bd1 Kc4 57. Be2+ Kc3 58. Bd1 Be4
59. Be2 Bd3 60. Bd1 Ne4 61. f5 Nf6 62. Kf2 Bxf5 63. Kf3 Bc2 64. Be2 Nd5 65. Kf2
Kd2 66. Bc4 Ne3 67. Bb5 Bd3 68. Be8 Nd1+ 69. Kf3 Be2+ 70. Kf4 d3 71. Bb5 Nc3
0-1

[Event "Flint (Class C/2)"]
[Site "?"]
[Date "1993.??.??"]
[Round "?"]
[White "Asbury, Victor"]
[Black "Anderson, D."]
[Result "1-0"]
[WhiteElo "1605"]
[BlackElo "1605"]
[PlyCount "95"]
[EventDate "1993.??.??"]

1. c4 Nf6 2. Nc3 e6 3. g3 c6 4. Bg2 d5 5. b3 Bd6 6. e3 e5 7. cxd5 c5 8. e4 O-O
9. Nge2 a6 10. O-O Qa5 11. Bb2 Nh5 12. f4 exf4 13. Nxf4 Nxf4 14. gxf4 Qc7 15.
e5 Bxe5 16. fxe5 Qxe5 17. Na4 Qd6 18. Qc2 Nd7 19. Rae1 b5 20. Nc3 Bb7 21. Ne4
Qb6 22. Ng5 Qh6 23. Qf5 Qh5 24. Qxd7 Qxg5 25. Qxb7 Rab8 26. Qc7 Rbc8 27. Qe5
Qh6 28. Re3 f6 29. Qe6+ Kh8 30. d6 Qg6 31. d7 Rcd8 32. Rfe1 h6 33. Qe8 Rfxe8
34. dxe8=Q+ Rxe8 35. Rxe8+ Kh7 36. Kh1 h5 37. Be4 f5 38. Bd5 Qd6 39. Bg8+ Kh8
40. Be6+ Kh7 41. Bxf5+ Kh6 42. R1e6+ Qxe6 43. Rxe6+ Kg5 44. Bh7 a5 45. Bxg7 a4
46. Bh6+ Kg4 47. Kg2 axb3 48. Re4# 1-0

[Event "Troy (TCC/DEU/5/1)"]
[Site "?"]
[Date "1993.??.??"]
[Round "?"]
[White "Arond, D."]
[Black "Houston, Ryan"]
[Result "1-0"]
[WhiteElo "1605"]
[BlackElo "1605"]
[PlyCount "106"]
[EventDate "1993.??.??"]

{5/(1)} 1. d4 Nf6 2. Nf3 d5 3. e3 g6 4. Nbd2 e6 5. Bd3 Nc6 6. c3 Bd7 7. O-O Bd6
8. e4 dxe4 9. Nxe4 Nxe4 10. Bxe4 Qe7 11. d5 exd5 12. Bxd5 O-O-O 13. Re1 Be6 14.
Bg5 f6 15. Rxe6 fxg5 16. Rxe7 Bxe7 17. Qb3 Rd6 18. Bxc6 Rxc6 19. Re1 Bf6 20.
Re6 Rf8 21. Rxc6 bxc6 22. Qe6+ Kb8 23. Qxc6 Rd8 24. Qb5+ Ka8 25. Qc6+ Kb8 26.
Qb5+ Ka8 27. Qe2 g4 28. Qe4+ Kb8 29. Nd4 Bxd4 30. cxd4 Kc8 31. Qa8+ Kd7 32.
Qxa7 Re8 33. Qa4+ Kd8 34. Qa8+ Kd7 35. Qd5+ Kc8 36. Qa8+ Kd7 37. Qxe8+ Kxe8 38.
Kf1 Kd7 39. Ke2 Kc6 40. Kd3 h5 41. g3 g5 42. a4 h4 43. b4 hxg3 44. fxg3 Kb6 45.
Kc4 c6 46. d5 cxd5+ 47. Kxd5 Ka6 48. Kc6 Ka7 49. Kc7 Ka8 50. b5 Ka7 51. b6+ Ka8
52. b7+ Ka7 53. b8=Q+ Ka6 1-0

[Event "Troy (TCC/DEU/1a/2)"]
[Site "?"]
[Date "1993.??.??"]
[Round "?"]
[White "Arond, D."]
[Black "Coronel, R."]
[Result "1-0"]
[WhiteElo "1605"]
[BlackElo "1605"]
[PlyCount "78"]
[EventDate "1993.??.??"]

1. d4 Nf6 2. Nf3 d6 3. Nc3 g6 4. e4 Bg7 5. Be2 Nc6 6. Bg5 h6 7. Be3 a6 8. h3 b5
9. d5 Ne5 10. Nxe5 dxe5 11. a3 Bb7 12. Qd2 O-O 13. Bxh6 c6 14. dxc6 Bxc6 15.
Bxg7 Kxg7 16. Qxd8 Raxd8 17. Bf3 Rd4 18. O-O Nxe4 19. Nxe4 Bxe4 20. c3 Bxf3 21.
cxd4 Bd5 22. dxe5 e6 23. Rac1 Rd8 24. f4 f6 25. exf6+ Kxf6 26. g4 Rh8 27. Rc3
Rd8 28. Rd1 Rf8 29. Kf2 Ke7 30. Ke3 Bc4 31. Rxc4 bxc4 32. Rc1 Rb8 33. Rc2 Rb3+
34. Rc3 Rxb2 35. Kd4 Rf2 36. Ke4 Kd6 37. Rxc4 Re2+ 38. Kf3 Rh2 39. Kg3 Ra2 1-0

[Event "Troy (TCC/DEU/3/1)"]
[Site "?"]
[Date "1993.??.??"]
[Round "?"]
[White "Arond, D."]
[Black "Bensek, A."]
[Result "1-0"]
[WhiteElo "1605"]
[BlackElo "1605"]
[PlyCount "69"]
[EventDate "1993.??.??"]

{3/(1)} 1. d4 d5 2. Nf3 Nc6 3. e3 Nf6 4. c4 Bg4 5. Qb3 Rb8 6. cxd5 Nxd5 7. e4
Bxf3 8. gxf3 Nb6 9. d5 Ne5 10. f4 Ng4 11. Bb5+ Nd7 12. e5 e6 13. dxe6 fxe6 14.
Qxe6+ Be7 15. Qxg4 O-O 16. Qe6+ Kh8 17. Qxd7 Bc5 18. Qxd8 Rbxd8 19. Be3 Bb4+
20. Ke2 Rd5 21. Bc4 Rd7 22. a3 Ba5 23. b4 Bb6 24. Nc3 Rfd8 25. Rhd1 Bd4 26.
Rxd4 Rxd4 27. Bxd4 Rxd4 28. Rd1 Rxd1 29. Kxd1 g6 30. e6 Kg7 31. e7 Kf6 32. e8=Q
Kf5 33. Qe5+ Kg4 34. Qg5+ Kf3 35. Qg3# 1-0

[Event "Lansing (MI Am/2)"]
[Site "?"]
[Date "1993.??.??"]
[Round "?"]
[White "Armstead, Curt"]
[Black "Wilson, D."]
[Result "1-0"]
[WhiteElo "1895"]
[BlackElo "1625"]
[PlyCount "111"]
[EventDate "1993.??.??"]

1. d4 d5 2. c4 e6 3. Nc3 Nf6 4. Bg5 Bb4 5. e3 Bd7 6. Nf3 h6 7. Bh4 g5 8. Bg3
Ne4 9. Qc2 Nxg3 10. hxg3 Nc6 11. Bd3 Qf6 12. a3 Bxc3+ 13. Qxc3 a5 14. Rc1 g4
15. Ne5 h5 16. Nxd7 Kxd7 17. cxd5 exd5 18. b4 axb4 19. axb4 Rac8 20. b5 Ne7 21.
Ke2 h4 22. gxh4 Rxh4 23. Rxh4 Qxh4 24. Qa1 Qh2 25. Rg1 f5 26. Qf1 Qh5 27. Rh1
Qf7 28. Rh4 Ng6 29. Rh6 Rg8 30. Qh1 Ne7 31. b6 c6 32. Qh4 Rg6 33. Rh7 Rg7 34.
Rh5 Qe6 35. Qg3 Qd6 36. Qxd6+ Kxd6 37. Bxf5 Nxf5 38. Rxf5 c5 39. Rf6+ Ke7 40.
Rh6 c4 41. e4 dxe4 42. d5 c3 43. Re6+ Kd7 44. Rxe4 Re7 45. Rxe7+ Kxe7 46. Kd3
Kd6 47. Kxc3 Kc5 48. f4 gxf3 49. gxf3 Kxd5 50. f4 Kc5 51. f5 Kd5 52. Kb4 Kd6
53. f6 Ke6 54. Kc5 Kd7 55. Kd5 Ke8 56. Ke6 1-0